| Record ID | marc_records_scriblio_net/part22.dat:173797656:748 |
| Source | Scriblio |
| Download Link | /show-records/marc_records_scriblio_net/part22.dat:173797656:748?format=raw |
LEADER: 00748pam 2200253 a 4500
001 92036536
003 DLC
005 19940126141924.7
008 920922s1992 nyu 000 1 eng
010 $a 92036536
020 $a0312089171 :$c$17.95
040 $aDLC$cDLC$dOCoLC$dDLC
043 $ae-uk-en
050 00 $aPR6054.O4587$bA5 1992
082 00 $a823/.914$220
100 1 $aDonald, Anabel.
245 13 $aAn uncommon murder /$cAnabel Donald.
260 $aNew York :$bSt. Martin's Press,$cc1992.
300 $a217 p. ;$c22 cm.
500 $a"A Thomas Dunne book."
650 0 $aWomen television personalities$xFiction.
650 0 $aGovernesses$xFiction.
651 0 $aLondon (England)$xFiction.
655 7 $aDetective and mystery stories.$2gsafd